Understanding earth

Spremljeno u:
Bibliografski detalji
Glavni autori: Press, Frank (Autor), Siever, Raymond (Autor)
Format: Knjiga
Jezik:engleski
Izdano: Nueva York W. H. Freeman 1997
Izdanje:2a. ed
Teme:
Oznake: Dodaj oznaku
Bez oznaka, Budi prvi tko označuje ovaj zapis!

MARC

LEADER 00000nam a2200000 a 4500
001 UCO0079
003 CL-VaPUC
008 000407e19970000US |||||||||||||||||eng|d
082 0 4 |a 550  |b PRE  |2 21 
100 0 |a Press, Frank  |e author  |9 441063 
700 0 |a Siever, Raymond  |e author  |9 441064 
245 1 0 |a Understanding earth 
250 |a 2a. ed 
300 |a 682 p 
942 |c BK 
945 |d 20000407 00:00:00  |a vberengu 
260 |a Nueva York  |b W. H. Freeman  |c 1997 
500 |a Incluye cd 
650 0 |a Ciencias de la tierra  |9 261541 
650 0 |a Erosión  |9 262782 
650 0 |a Hidrología  |9 261396 
650 0 |a Recursos energéticos  |9 263206 
650 7 |a RECURSOS MINERALES  |2 CL-VaPUC  |9 351120 
650 0 |a Recursos naturales  |9 255232 
583 |a last modification  |c 20000407 00:00:00  |k Rodrigo Vera 
999 |c 286798  |d 286796 
952 |0 0  |1 0  |2 ddc  |4 0  |6 550_000000000000000_PRE_1997  |7 0  |8 CCM  |9 332961  |a BIBCUR  |b BIBCUR  |c PAC  |d 2019-11-20  |i 3592928  |o 550 PRE 1997  |p 3592928  |r 2025-04-22  |w 2019-11-20  |y BK  |k CIM